OECD economic outlook 64 november 1998

Gespeichert in:
Bibliographische Detailangaben
Format: Buch
Sprache:Englisch
Veröffentlicht: Paris OECD 1998
Ausgabe:preliminary ed.
Schlagworte:
Tags: Tag hinzufügen
Keine Tags, Fügen Sie das erste Tag hinzu!

MARC

LEADER 00000nam a2200000 4500
001 c117874
005 20221109094101.2
041 0 |a eng 
044 |a FR 
245 1 0 |a OECD economic outlook 64  |b november 1998 
250 |a preliminary ed. 
264 1 |a Paris  |b OECD  |c 1998 
300 |a 194 s. 
610 2 0 |a ukazovatele ekonomické 
610 2 0 |a ukazovatele štatistické 
610 2 0 |a porovnanie medzinárodné 
610 2 0 |a porovnanie štatistické medzinárodné 
610 2 0 |a situácia hospodárska 
610 2 0 |a vývoj hospodársky 
610 2 0 |a OECD